000 00536nam a2200193Ia 4500
005 20250326141047.0
008 250326s9999 xx 000 0 und d
020 _a0-465-05989-9
037 _aTextbook
040 _aFMSL
_beng
_cFMSL
041 _aeng
_2eng
084 _aX8(A):8.42 P0
_qFMSL
100 _aPorter M E
245 0 _aCan Japan compete?
_cPorter M E And Others
260 _aNew York
_bNew York, Crown Business
_c2000
300 _axvi,208
942 _cTB
_hX8(A):8.42 P0
999 _c1288517
_d1288517